| 000 | 00807nam a22002417a 4500 | ||
|---|---|---|---|
| 999 |
_c13091 _d13091 |
||
| 003 | AR-CdUCM | ||
| 008 | 190411b ||||| |||| 00| 0 spa d | ||
| 040 |
_aMUNICIPALIDAD PROVINCIAL DEL CUSCO _cBIBLIOTECA MUNICIPAL DEL CUSCO |
||
| 041 | _heng | ||
| 082 |
_a120 / _bR88 |
||
| 100 |
_aRoyce, Josiah _931288 |
||
| 245 | _aEl espíritu de la filosofía moderna / | ||
| 260 |
_aBuenos Aires : _bNova, _c1947. |
||
| 300 |
_a486 páginas ; _c20 cm. |
||
| 440 |
_aColección La vida del espíritu. _931289 |
||
| 505 | _aContenido: Estudios de pensadores y problemas -- Esboza de una doctrina. | ||
| 650 |
_aFilosofía moderna _913004 |
||
| 650 |
_aBuenos Aires _924533 |
||
| 650 |
_aSiglo XX _98 |
||
| 700 |
_aQuintero, Vicente P. (traducción) _931290 |
||
| 942 |
_2ddc _cLIBROS |
||
| 945 |
_aachl _d2019-04-11 |
||